Muslaman Fatheen( termite affected boarded out) (Record no. 275903)
[ view plain ]
| 000 -LEADER | |
|---|---|
| fixed length control field | 00287 a2200109 4500 |
| 001 - CONTROL NUMBER | |
| control field | 40830 |
| 082 ## - DEWEY DECIMAL CLASSIFICATION NUMBER | |
| Classification number | ( termite affected boarded out) |
| 090 ## - LOCALLY ASSIGNED LC-TYPE CALL NUMBER (OCLC); LOCAL CALL NUMBER (RLIN) | |
| -- | 25092 |
| -- | 25092 |
| 100 ## - MAIN ENTRY--PERSONAL NAME | |
| Personal name | Lexicon Pubs |
| 245 ## - TITLE STATEMENT | |
| Title | Muslaman Fatheen( termite affected boarded out) |
| 260 ## - PUBLICATION, DISTRIBUTION, ETC. | |
| Place of publication, distribution, etc. | Lahore |
| Name of publisher, distributor, etc. | Kutab Khana Shani Islam |
| 942 ## - ADDED ENTRY ELEMENTS (KOHA) | |
| Institution code [OBSOLETE] | NUST-CAE |
| Withdrawn status | Lost status | Damaged status | Not for loan | Collection code | Permanent Location | Current Location | Date acquired | Total Checkouts | Barcode | Date last seen | Price effective from | Koha item type |
|---|---|---|---|---|---|---|---|---|---|---|---|---|
| College of Aeronautical Engineering (CAE) | College of Aeronautical Engineering (CAE) | 04/03/2017 | CAE60206 | 04/05/2017 | 04/05/2017 | Book | ||||||
| College of Aeronautical Engineering (CAE) | College of Aeronautical Engineering (CAE) | 04/03/2017 | CAE60230 | 04/05/2017 | 04/05/2017 | Book |
